| 000 | 00620nam a2200229Ia 4500 | ||
|---|---|---|---|
| 008 | 180523s9999 xx 000 0 und d | ||
| 020 | _a0-395-66791-7 | ||
| 050 | _aMAIN GT 518 | ||
| 050 | _b.V46 1993 c.1 | ||
| 100 | _aVentura, Piero. | ||
| 245 | 0 | _aClothing : | |
| 245 | 0 | _bgarments, styles, and uses / | |
| 245 | 0 | _cPiero Ventura. | |
| 260 | _aBoston : | ||
| 260 | _bHoughton Mifflin, | ||
| 260 | _c1993 | ||
| 300 | _a64 pages : | ||
| 300 | _bcolored illustrations ; | ||
| 300 | _c29 cm. | ||
| 650 | _aClothing and dress -- History -- Juvenile literature. | ||
| 650 | _xClothing and dress -- History. | ||
| 999 |
_c356709 _d356709 |
||